000 00645nam a2200181Ia 4500
008 100921s9999 xx 000 0 und d
082 _b43401
_a891.463 न 09
100 _aनायक श्रीकांत विष्णु.
245 _aमर्मभेद.
260 _bज्ञानदत्त प्रकाशन,पुणे.
_c2009
300 _a230
_bकलाभारती वितरण,पुणे
365 _b225
520 _aललित-कादंबरी.
630 _aमर्मभेद.
650 _aललित-कादंबरी.
730 _aमर्मभेद.
942 _cBOOK
999 _c792514
_d792511